01483nam a2200337 a 4500001001000000003000500010005001700015008004100032010001100073011001100084040000900095090001000104100003800114245014400152260004100296500006000337502008200397590004000479590004000519650003900559650006100598650006300659700003500722856007000757901000700827942001000834942000600844999001900850952014000869952013601009000113020CHAP20220329144333.0170316s2016 mx sm |||||||spa d a109481 a110453 cCHAP aTesis1 aRamos Mata, Victor Manuel913175910aDiagnostico de calidad del agua de la planta de tratamiento de la UACHh[En línea]cpor Victor Manuel Ramos Mata y Eddy Vázquez Alfaro. aChapingo, Méx. :bEl autor,c2016. aPara ver el contenido del material haga clic en la liga aTesis (Ing. en Recursos Naturales Renovables) -- UACH. Departamento de Suelos aE5765TAJb05c20170316lUCH01h1128 aE5765TAJb05c20170316lUCH01h112914aAguas residualesxAnálisis9258414aEvaluación biológica de la calidad del agua.913168214aPlantas para el tratamiento de aguaxEvaluación.91316811 aVázquez Alfaro, Eddy9131760 aFinding aiduhttp://10.13.5.2/tesis/sist113020.pdfzTeclea aquí aBK cTESIS n0 c109481d109481 00102local4053708TESISaBCbBCcPA_TESISd2017-03-16fTESISl0oTesisp33724002534678r2019-12-31 00:00:00tc.2w2019-12-31yTESIS 00104054718TESISaBCbBCd2017-03-16fTESISl0oTesisp33724002534710r2019-12-31 00:00:00w2019-12-31yTESISzRecien adquirido